000 00952nam a22003137a 4500
003 CHAP
005 20220329143620.0
008 101007s1973 mx r 00010 spa d
010 _a99385
011 _a100357
035 _a111043
040 _cCHAP
082 1 4 _a649.65
_bM89
100 1 _aMuldworf, Bernard
_979419
245 1 0 _aHacia la sociedad erótica
_c/por Bernard Muldworf
260 _aMéxico, D. F. :
_bRoca,
_c1973
300 _a226 p.
590 _aBATCH-UPD
_b10
_c20130110
_lUCH01
_h1156
590 _aBATCH-UPD
_b10
_c20130410
_lUCH01
_h0739
590 _aBATCH-UPD
_b10
_c20130914
_lUCH01
_h0945
590 _aCONVERSION
_b10
_c20130109
_lUCH01
_h1355
650 1 4 _aCivilización
_xFilosofía.
_923562
650 1 4 _aLibertad.
_966625
650 1 4 _aSexualidad humana.
_9105427
650 1 4 _aValores (filosofía)
_9117673
901 _aBK
942 _cLIBRO
949 _a649.65 M89
_bBC
_cLIBRO
_d33724002214173
_eLIBRO
_h113600
_i111043
_sb
999 _c99385
_d99385